Αδαμάντιος Κοραής : περί πολιτείας και δικαίου
Αποθηκεύτηκε σε:
| Κύριος συγγραφέας: | |
|---|---|
| Συγγραφή απο Οργανισμό/Αρχή: | |
| Άλλοι συγγραφείς: | |
| Μορφή: | Βιβλίο |
| Γλώσσα: | Greek |
| Δημοσίευση: |
Χίος :
Δικηγορικός Σύλλογος Χίου, Άλφα Πί,
2003
|
| Θέματα: | |
| Ετικέτες: |
Προσθήκη ετικέτας
Δεν υπάρχουν, Καταχωρήστε ετικέτα πρώτοι!
|
MARC
| LEADER | 00000cam a2200000 i 4500 | ||
|---|---|---|---|
| 001 | 1/81977 | ||
| 008 | 050721s2003 gre d | ||
| 020 | |a 960-8262-23-2 | ||
| 035 | |l 10079406 | ||
| 040 | |a GR-MY-UA |b gre |e aacr | ||
| 041 | 0 | |a gre | |
| 082 | 0 | |a 349.495 |2 (22) | |
| 100 | 1 | |a Κοκκαλιάδης, Θεοδόσιος Γ. | |
| 245 | 1 | 0 | |a Αδαμάντιος Κοραής : |b περί πολιτείας και δικαίου / |c Θεοδοσίου Γ. Κοκκαλιάδη, Γεωργίου Π. Μουτάφη |
| 260 | |a Χίος : |b Δικηγορικός Σύλλογος Χίου, |b Άλφα Πί, |c 2003 | ||
| 300 | |a 126 σ.; |c 24 εκ. | ||
| 500 | |a Πρόκειται για επανέκδοση του συγκεκριμένου έργου 68 χρόνια μετά την αρχική έκδοση, απο τον Δικηγορικό Σύλλογο Χίου | ||
| 500 | |a Βραβείο Ακαδημίας Αθηνών 1935 | ||
| 600 | 1 | 0 | |a Κοραής, Αδαμάντιος, |d 1748-1833. |
| 650 | 0 | 0 | |a Law |z Greece |x History |y 19th century. |
| 650 | 0 | 0 | |a Legislation |z Greece |y 19th century. |
| 700 | 1 | |a Μουτάφης, Γεώργιος Π. | |
| 710 | 2 | |a Δικηγορικός Σύλλογος Χίου. | |
| 852 | |a INST |b CHIOS |e 20050721 |h 349.495 KOK |p 005200022046 |q 005200022046 |t BK |y 0 | ||
| 852 | |a INST |b CHIOS |e 20050729 |h 349.495 KOK |p 005200023062 |q 005200023062 |t BK |y 0 | ||
| 901 | |a BIBL2-2005-2 | ||
| 909 | |a Χ |b 112842 | ||
| 909 | |a Χ |b 109035 | ||
| 920 | |a Τσούρος |b Ισίδωρος |y Χίος |z 2004-05 | ||
| 922 | |a 2ΕΛΗ |b 200502 |c Κεντρική Βιβλιοθήκη |d Πυξίδα | ||
| 970 | |a Χαζίρη |b Αννα |z 2005/07/21 | ||